| 000 | 00645nam a22001697a 4500 | ||
|---|---|---|---|
| 999 |
_c60767 _d60767 |
||
| 005 | 20231019160803.0 | ||
| 008 | 231019s1982 ru ||||| |||| 00| 0 rus d | ||
| 041 | _arus | ||
| 080 | _a94(38) Б-46 | ||
| 100 |
_aБенгтсон, Г. _920139 |
||
| 245 |
_aПравители эпохи эллинизма / _cПер. с нем. Предисл. Э. Д. Фролова. |
||
| 264 |
_aМ., _b«Наука», _c1982. |
||
| 300 |
_a390 стр.; _b20 см. |
||
| 653 | _aელინისტური ეპოქის მმართველები | ||
| 700 |
_a Фролов, Э. Д. _eმთარგმნელი _920140 |
||
| 942 |
_2udc _cBK |
||